400 obres de 1914 a 1983 / (Record no. 634)
[ view plain ]
| 000 -LEADER | |
|---|---|
| campo de control de longitud fija | 00903cam a2200241 a 4500 |
| 001 - NÚMERO DE CONTROL | |
| campo de control | 1910518 |
| 005 - FECHA Y HORA DE LA ÚLTIMA TRANSACCIÓN | |
| campo de control | 20220326193326.0 |
| 008 - DATOS DE LONGITUD FIJA--INFORMACIÓN GENERAL | |
| campo de control de longitud fija | 841207s1983 sp a b f000 0 cat |
| 010 ## - NÚMERO DE CONTROL DE LA BIBLIOTECA DEL CONGRESO | |
| Número de control de LC | 84248479 |
| 020 ## - NÚMERO INTERNACIONAL ESTÁNDAR DEL LIBRO | |
| Número Internacional Estándar del Libro | 8450089220 |
| 040 ## - FUENTE DE CATALOGACIÓN | |
| Centro catalogador/agencia de origen | DLC |
| Centro/agencia transcriptor | DLC |
| Centro/agencia modificador | DLC |
| 082 ## - NÚMERO DE LA CLASIFICACIÓN DECIMAL DEWEY | |
| Número de clasificación | 759.946 |
| Número de ítem | D 143c |
| 100 1# - ENTRADA PRINCIPAL--NOMBRE DE PERSONA | |
| Nombre de persona | Dali, Salvador |
| Fechas asociadas al nombre | 1904-1989. |
| 9 (RLIN) | 2842 |
| 245 10 - MENCIÓN DEL TÍTULO | |
| Título | 400 obres de 1914 a 1983 / |
| Resto del título | Salvador Dali |
| Mención de responsabilidad, etc. | Dali Salvador, Saavedra Santiago |
| 260 ## - PUBLICACIÓN, DISTRIBUCIÓN, ETC. | |
| Lugar de publicación, distribución, etc. | [Madrid] : |
| Nombre del editor, distribuidor, etc. | Generalitat de Catalunya : |
| -- | Ministerio de Cultura, Obra Cultural de la Caixa de Pensions, |
| Fecha de publicación, distribución, etc. | [1983?] |
| 300 ## - DESCRIPCIÓN FÍSICA | |
| Extensión | 272 p. |
| Otras características físicas | ill. (some col.) ; |
| Dimensiones | 23x32 cm. |
| 504 ## - NOTA DE BIBLIOGRAFÍA, ETC. | |
| Nota de bibliografía, etc. | Bibliography: v. 2, p. 204-271. |
| 600 10 - PUNTO DE ACCESO ADICIONAL DE MATERIA--NOMBRE DE PERSONA | |
| Nombre de persona | Dali, Salvador, |
| Fechas asociadas al nombre | 1904-1989. |
| 9 (RLIN) | 2843 |
| 650 ## - PUNTO DE ACCESO ADICIONAL DE MATERIA--TÉRMINO DE MATERIA | |
| Subdivisión general | Biografia |
| -- | Pintura |
| Subdivisión geográfica | España |
| 9 (RLIN) | 2844 |
| 700 ## - ENTRADA AGREGADA--NOMBRE PERSONAL | |
| Nombre de persona | Salvador Dali, Santiago Saavedra |
| 9 (RLIN) | 2845 |
| 740 0# - ENTRADA AGREGADA--TÍTULO RELACIONADO/ANALÍTICO NO CONTROLADO | |
| Título relacionado o analítico no controlado | Quatrecents obres de 1914-1983. |
| 906 ## - ELEMENTOS DE DATOS F LOCAL, LDF (RLIN) | |
| a | 7 |
| b | cbc |
| c | orignew |
| d | 3 |
| e | ncip |
| f | 19 |
| g | y-gencatlg |
| Estatus retirado | Estado de pérdida | Fuente del sistema de clasificación o colocación | Estado de daño | No para préstamo | Biblioteca de origen | Biblioteca actual | Ubicación en estantería | Fecha de adquisición | Total de préstamos | Signatura topográfica completa | Código de barras | Visto por última vez | Precio de reemplazo | Tipo de ítem Koha |
|---|---|---|---|---|---|---|---|---|---|---|---|---|---|---|
| Clasificación Decimal Dewey | Biblioteca LadoV | Biblioteca LadoV | 29/05/2015 | 759.946 D 143c | 000703 | 29/05/2015 | 29/05/2015 | Material 01 |
